Statistics for 30 biggest European cities by letter (with a map) -G

Click here to take the quiz!

General Stats

  • This quiz has been taken 684 times
    (107 since last reset)
  • The average score is 16 of 30

Answers on the Map

Answers color-coded by a green-red scale on the quiz's map according to % correct below.
 

Answer Stats

CityPopulation% Correct
Glasgow599 650
98%
Genoa583 601
97%
Gothenburg581 822
94%
Gdansk462 249
92%
Geneva201 813
85%
Graz282 479
84%
Granada234 758
78%
Ghent257 029
76%
Grenoble160 779
71%
Groningen200 952
70%
Gomel535 229
60%
Gijón273 422
59%
Gloucester128 500
56%
Gdynia247 329
54%
Gelsenkirchen260 368
49%
Gyór129 568
48%
Getafe176 659
43%
Gottingen118 914
41%
Galați249 432
38%
Grodno365 610
37%
Gera93 634
34%
Gliwice182 969
29%
Giessen94 146
28%
Gütersloh100 194
26%
Gillingham‎104 157
25%
Gorzów Wielkopolski123 911
25%
Giugliano in Campania123 276
20%
Grudziądz92 552
18%
Gatchina92 937
13%
Gubkin88 560
13%

Score Distribution

Percentile by Number Answered

Percent of People with Each Score

Your Score History

You have not taken this quiz since the last reset